000
00321nam a22001337a 4500
008
250415b |||||||| |||| 00| 0 eng d
020
_a
9789351540656
050
_a
HD6935
_b
.M64
100
_a
MOHAN, Surendra
245
_a
Industrial Sociology
260
_a
India
_b
Venus Books
_c
2015
300
_a
xii, 319p.
942
_c
BK
999
_c
3011
_d
3011